English Football League Division 1 & Premier League Winners - Statistics

General Stats
  • This quiz has been taken 311 times
  • The average score is 19 of 24
Answer Stats
Hint Answer % Correct
20 Titles Manchester United
100%
13 Titles Arsenal
99%
18 Titles Liverpool
99%
6 Titles Chelsea
98%
6 Titles Manchester City
98%
9 Titles Everton
94%
7 Titles Aston Villa
91%
2 Titles Tottenham Hotspur
91%
3 Titles Blackburn Rovers
90%
1 Title Leicester City
89%
4 Titles Newcastle United
89%
3 Titles Leeds United
85%
1 Title Nottingham Forest
85%
6 Titles Sunderland
78%
3 Titles Wolverhampton Wanderers
76%
2 Titles Derby County
69%
1 Title Sheffield United
67%
4 Titles Sheffield Wednesday
67%
2 Titles Preston North End
64%
2 Titles Burnley
62%
1 Title West Bromwich Albion
58%
1 Title Ipswich Town
56%
3 Titles Huddersfield Town
51%
2 Titles Portsmouth
51%
No matching quizzes found
Score Distribution
Percent of People with Each Score
Percentile by Number Answered
Your Score History
You have not taken this quiz